LIBRARY & INFORMATION CENTRE, KCAET, TAVANUR

ONLINE PUBLIC ACCESS CATALOGUE (OPAC)

Citizen Tom Pain, Vol 1 / (Record no. 4246)

MARC details
000 -LEADER
fixed length control field 00415cam a2200169ua 4500
041 ## - LANGUAGE CODE
Language code of text/sound track or separate title mal
082 ## - DEWEY DECIMAL CLASSIFICATION NUMBER
Classification number 894.812308
Item number FAS/CI
100 ## - MAIN ENTRY--AUTHOR NAME
Personal name Fast, Horward .
245 ## - TITLE STATEMENT
Title Citizen Tom Pain, Vol 1 /
260 ## - PUBLICATION, DISTRIBUTION, ETC. (IMPRINT)
Place of publication Tiruvalla :
Name of publisher Southern book stall ,
Year of publication 1960.
300 ## - PHYSICAL DESCRIPTION
Number of Pages 332 ; .
942 ## - ADDED ENTRY ELEMENTS (KOHA)
Koha item type Books
Holdings
Withdrawn status Lost status Damaged status Home library Current library Date acquired Cost, normal purchase price Full call number Accession Number Koha item type
Withdrawn     KAUAET KAUAET 07/04/2012 3.50 894.812308 1204 Books
free website counter